Indice de revistas jurídicas chilenas: Temas de derecho público, 1980-2000
Uloženo v:
| Hlavní autor: | |
|---|---|
| Další autoři: | |
| Médium: | Kniha |
| Jazyk: | španělština |
| Vydáno: |
Santiago
Universidad Santo Tomás
2002
|
| Témata: | |
| Tagy: |
Přidat tag
Žádné tagy, Buďte první, kdo vytvoří štítek k tomuto záznamu!
|
MARC
| LEADER | 00000nam a2200000 a 4500 | ||
|---|---|---|---|
| 001 | UCL1072 | ||
| 003 | CL-VaPUC | ||
| 008 | 030829e20020000CL |||||||||||||||||spa|d | ||
| 020 | |a 9567946027 | ||
| 082 | 0 | 4 | |a 016.3405 |b SOT |2 21 |
| 100 | 0 | |a Soto Kloss, Eduardo |e author |9 477870 | |
| 700 | |a Arancibia Mattar, Jaime |e autor |9 477871 | ||
| 245 | 1 | 0 | |a Indice de revistas jurídicas chilenas: Temas de derecho público, 1980-2000 |
| 300 | |a 144 p | ||
| 942 | |c BK | ||
| 945 | |d 20030829 00:00:00 |a cmena | ||
| 260 | |a Santiago |b Universidad Santo Tomás |c 2002 | ||
| 650 | 0 | |a Bibliografías |9 257071 | |
| 650 | 7 | |a REVISTAS JURIDICAS |2 CL-VaPUC |9 477872 | |
| 650 | 7 | |a REVISTAS CHILENAS |2 CL-VaPUC |9 383105 | |
| 650 | 0 | |a Derecho público |9 255910 | |
| 583 | |a last modification |c 20030829 00:00:00 |k Rodrigo Vera | ||
| 999 | |c 304754 |d 304752 | ||
| 952 | |0 0 |1 0 |4 0 |6 016_340500000000000_SOT_2002 |7 0 |8 F |9 367473 |a BIBDER |b BIBDER |d 2019-11-21 |i 3931528 |o 016.3405 SOT 2002 |p 3931528 |r 2023-01-25 |w 2019-11-21 |y BK_F |k DER | ||